|
|
|
|
| LEADER |
00000nab a2200000 a 4500 |
| 001 |
vtls000186651 |
| 003 |
SK-MaSNL |
| 005 |
20260304063533.0 |
| 008 |
250422c1984 xo 0 slo |
| 015 |
|
|
|a SNBRB19rr/mm-uuuuu
|
| 035 |
|
|
|a CL0196764
|
| 035 |
|
|
|a urn:nbn:sk:snk-ab1ma1
|
| 035 |
|
|
|a (urnnbn)urn:nbn:sk:snk:ar-004j4b
|
| 035 |
|
|
|a (uuid)8153f2fa-8cfb-4d20-8203-8089506416c1
|
| 040 |
|
|
|a SNKBUCL
|b slo
|c SNKBUCL
|e AACR2
|
| 041 |
0 |
|
|a slo
|
| 044 |
|
|
|a xo
|c SK
|
| 080 |
|
|
|a 808.54-311
|2 1981
|
| 080 |
|
|
|a 801.311
|2 1981
|
| 100 |
1 |
|
|a Uhlár, Vlado,
|d 1912-1996
|4 aut
|9 106775
|
| 245 |
1 |
0 |
|a Pôvod miestneho názvu Krnča
|c Vlado Uhlár
|
| 300 |
|
|
|b Lit. 12 zázn. v slov., češ., nem.
|
| 650 |
0 |
7 |
|a ojkonymá
|2 snkbucl
|9 239133
|
| 651 |
|
7 |
|a Krnča (Slovensko)
|2 snkbucl
|9 90492
|
| 655 |
|
7 |
|a články z novín a časopisov
|2 snkbucl
|9 267496
|
| 773 |
0 |
|
|t Kultúra slova
|g Roč. 18, č. 2 (1984), s. 48-53
|
| 850 |
|
|
|a Slovenská národná knižnica
|
| 852 |
|
|
|a Slovenská národná knižnica
|
| 954 |
|
|
|a odborná, vedecká literatúra pôvodná (slovenská)
|2 lita
|
| 958 |
|
|
|a article27
|
| 958 |
|
|
|a OND
|
| 958 |
|
|
|a NB
|
| 958 |
|
|
|a RK
|
| 958 |
|
|
|a EUIPO
|
| 992 |
|
|
|a RBX
|
| 999 |
|
|
|c 2742996
|d 2744926
|